[Event "Pan American Intercollegiate-chT"]
[White "Saheli, Nath"]
[Black "Kaplan, Sasha"]
[Site "South Padre Island"]
[Round "2"]
[Result "0-1"]
[Date "2009.12.28"]
[WhiteElo "2116"]
[BlackElo "2421"]
[PlyCount "74"]
[EventDate "2009.12.27"]
[EventType "team-swiss"]
[EventRounds "6"]
[EventCountry "USA"]
[SourceTitle "CBM 134 Extra"]
[Source "ChessBase"]
[SourceDate "2010.03.03"]
[SourceVersion "1"]
[SourceVersionDate "2010.03.03"]
[SourceQuality "1"]

1. e4 c5 2. Nf3 e6 3. d4 cxd4 4. Nxd4 a6 5. c4 Nf6 6. Nc3 Bb4 7. Bd3 Qc7 8. 0-0 Bxc3 9. bxc3 d6 10. Be3 Nbd7 11. Qe2 0-0 12. f4 Nc5 13. Bf2 e5 14. Nb3 Nxd3 15. Qxd3 exf4 16. Bd4 Ng4 17. Rxf4 Ne5 18. Qg3 Qxc4 19. Nd2 Qd3 20. Qxd3 Nxd3 21. Rf3 Ne5 22. Bxe5 dxe5 23. Nc4 Be6 24. Nxe5 Rac8 25. Rd3 Rfd8 26. Rxd8+ Rxd8 27. Rb1 b5 28. Rb2 Rd1+ 29. Kf2 Ra1 30. Nc6 Bxa2 31. Rd2 h6 32. Rd8+ Kh7 33. Ra8 Bb1 34. Ke3 Ra3 35. Kd4 Ra4+ 36. Kc5 Rc4+ 37. Kd6 Rxc6+ 0-1

[Event "IND-ch (Women) 33rd"]
[White "Baisakhi, Das"]
[Black "Saheli, Nath"]
[Site "Chennai"]
[Round "11"]
[Result "1-0"]
[Date "2006.12.16"]
[WhiteElo "2092"]
[BlackElo "2172"]
[PlyCount "107"]
[EventDate "2006.12.07"]
[EventType "swiss"]
[EventRounds "11"]
[EventCountry "IND"]
[SourceTitle "EXT 2010"]
[Source "ChessBase"]
[SourceDate "2010.11.25"]
[SourceVersion "1"]
[SourceVersionDate "2010.11.25"]
[SourceQuality "1"]

1. c4 e5 2. Nc3 g6 3. d4 Bg7 4. Nf3 exd4 5. Nxd4 d6 6. g3 Ne7 7. Bg2 Nbc6 8. Nxc6 Nxc6 9. 0-0 0-0 10. Bd2 Be6 11. b3 Qd7 12. Nd5 Bxd5 13. cxd5 Ne7 14. Rc1 c5 15. dxc6 bxc6 16. Bb4 Rad8 17. Qd2 Rfe8 18. Rfd1 d5 19. Ba5 Rb8 20. e3 f5 21. Bb4 Kh8 22. Bc3 Qe6 23. Bd4 Rb7 24. Rc5 Rd8 25. Ra5 Rdd7 26. Ra6 Qf7 27. Bc5 Rbc7 28. Qa5 Nc8 29. Qa4 Qe6 30. Rc1 Kg8 31. b4 g5 32. Qb3 Qf7 33. Bh3 g4 34. Bf1 Nd6 35. Qa4 Ne4 36. Rxc6 Ng5 37. Bg2 Nf3+ 38. Bxf3 gxf3 39. Rxc7 Rxc7 40. Qd1 d4 41. Qxf3 d3 42. Qa8+ Bf8 43. Rd1 Rd7 44. Qc8 Rd5 45. Bxf8 Qxf8 46. Qxf8+ Kxf8 47. Kf1 Ke7 48. Ke1 Ke6 49. Kd2 Ke5 50. Rc1 Ke4 51. Rc4+ Kf3 52. Rf4+ Kg2 53. h4 Rd7 54. a4 1-0

[Event "IND-ch (Women) 33rd"]
[White "Saheli, Nath"]
[Black "Mohanty, Kiran Monisha"]
[Site "Chennai"]
[Round "4"]
[Result "1/2-1/2"]
[Date "2006.12.10"]
[WhiteElo "2172"]
[BlackElo "2154"]
[PlyCount "117"]
[EventDate "2006.12.07"]
[EventType "swiss"]
[EventRounds "11"]
[EventCountry "IND"]
[SourceTitle "EXT 2010"]
[Source "ChessBase"]
[SourceDate "2010.11.25"]
[SourceVersion "1"]
[SourceVersionDate "2010.11.25"]
[SourceQuality "1"]

1. b3 e5 2. Bb2 Nc6 3. e3 d6 4. Bb5 Bd7 5. Nf3 Nf6 6. d4 e4 7. Nfd2 d5 8. Bxc6 bxc6 9. c4 Bd6 10. Ba3 Bxa3 11. Nxa3 Qe7 12. Nc2 0-0 13. 0-0 a5 14. h3 Ne8 15. f4 f5 16. a3 Bc8 17. b4 Ba6 18. bxa5 dxc4 19. Nb4 Bb5 20. Re1 c5 21. dxc5 Qxc5 22. Nb1 Nf6 23. Nc3 Rxa5 24. Qd2 Rfa8 25. Nxb5 Qxb5 26. Red1 Qc5 27. Qc3 c6 28. Rd4 Nd5 29. Qxc4 Qxc4 30. Rxc4 Nxb4 31. Rxb4 Rxa3 32. Rxa3 Rxa3 33. Rc4 Ra6 34. g4 g6 35. gxf5 gxf5 36. Rc5 Ra1+ 37. Kf2 Ra2+ 38. Kf1 Rh2 39. Rxf5 Rxh3 40. Kf2 Rh2+ 41. Ke1 Rc2 42. Re5 Rc4 43. f5 Kf7 44. Re6 Rc5 45. Ke2 Rxf5 46. Rxc6 Rf6 47. Rc4 Re6 48. Kf2 Kf6 49. Kg3 Ke5 50. Rc5+ Kd6 51. Ra5 Rf6 52. Ra6+ Ke5 53. Rxf6 Kxf6 54. Kf4 h5 55. Kxe4 Kg5 56. Kf3 Kf5 57. Kg3 Ke4 58. Kh4 Kxe3 59. Kxh5 1/2-1/2

[Event "Asia-ch U20 Girls"]
[White "Gomes, Mary Ann"]
[Black "Saheli, Nath"]
[Site "New Delhi"]
[Round "6.3"]
[Result "1-0"]
[Date "2006.11.11"]
[WhiteElo "2264"]
[BlackElo "2172"]
[PlyCount "77"]
[EventDate "2006.11.07"]
[EventType "swiss"]
[EventRounds "9"]
[EventCountry "IND"]
[SourceTitle "CBM 115 Extra"]
[Source "ChessBase"]
[SourceDate "2007.01.10"]
[SourceVersion "1"]
[SourceVersionDate "2007.01.10"]
[SourceQuality "1"]

1. Nf3 g6 2. c4 Bg7 3. Nc3 d6 4. d4 Nf6 5. g3 0-0 6. Bg2 Nc6 7. 0-0 Rb8 8. d5 Na5 9. Nd2 c5 10. Qc2 a6 11. b3 b5 12. Bb2 e5 13. e4 Bh6 14. Bc1 Bd7 15. Ne2 bxc4 16. Nxc4 Bxc1 17. Raxc1 Nxc4 18. bxc4 Qa5 19. Rb1 Qa3 20. Qd2 Rb4 21. Rxb4 Qxb4 22. Qd3 Rb8 23. f4 exf4 24. gxf4 Qb2 25. Nc3 Qa3 26. h3 Rb2 27. f5 g5 28. e5 dxe5 29. Qe3 h6 30. Qxe5 Nh5 31. Ne4 Qe3+ 32. Kh1 Qe2 33. Rf2 Qd1+ 34. Kh2 Rxf2 35. Nxf2 Qc2 36. Ng4 Kh7 37. Qe7 Bxf5 38. Qxf7+ Kh8 39. Nxh6 1-0

[Event "Asia-ch U20 Girls"]
[White "Saheli, Nath"]
[Black "Amrutha, Mokal"]
[Site "New Delhi"]
[Round "3.2"]
[Result "0-1"]
[Date "2006.11.09"]
[WhiteElo "2172"]
[BlackElo "2128"]
[PlyCount "104"]
[EventDate "2006.11.07"]
[EventType "swiss"]
[EventRounds "9"]
[EventCountry "IND"]
[SourceTitle "CBM 115 Extra"]
[Source "ChessBase"]
[SourceDate "2007.01.10"]
[SourceVersion "1"]
[SourceVersionDate "2007.01.10"]
[SourceQuality "1"]

1. e4 c5 2. Nf3 e6 3. d4 cxd4 4. Nxd4 a6 5. c4 Nf6 6. Nc3 Qc7 7. a3 d6 8. Be3 Nbd7 9. Be2 g6 10. 0-0 Bg7 11. Rc1 0-0 12. f4 e5 13. Nb3 exf4 14. Bxf4 Ne5 15. Bxe5 dxe5 16. c5 Be6 17. Nd5 Qd8 18. Nxf6+ Bxf6 19. Rc3 Bg5 20. Qc2 a5 21. Rd1 Qe7 22. a4 Rfd8 23. Nd2 Rac8 24. Nf3 Rxd1+ 25. Bxd1 Rxc5 26. Rxc5 Be3+ 27. Kf1 Bxc5 28. Nxe5 Bb3 29. Qxb3 Qxe5 30. Qc3 Bd4 31. Qd3 Qf4+ 32. Bf3 Qc1+ 33. Bd1 Qxb2 34. Qc2 Qa3 35. Qb3 Qc1 36. Ke2 Qf4 37. Qf3 Qxh2 38. Bb3 Qc7 39. Qd3 Qe5 40. Bd5 b6 41. Qc4 Qh5+ 42. Kd2 Qg5+ 43. Kd3 Qe3+ 44. Kc2 Qf2+ 45. Kd3 Bc5 46. g4 Kg7 47. Qc3+ f6 48. Kc4 Qe2+ 49. Qd3 Qxg4 50. Kb5 Qd7+ 51. Ka6 Qxa4 52. Bc4 Qc6 0-1

[Event "Asia-ch U20 Girls"]
[White "Bayat, Shohreh"]
[Black "Saheli, Nath"]
[Site "New Delhi"]
[Round "2.4"]
[Result "0-1"]
[Date "2006.11.08"]
[WhiteElo "2074"]
[BlackElo "2172"]
[PlyCount "72"]
[EventDate "2006.11.07"]
[EventType "swiss"]
[EventRounds "9"]
[EventCountry "IND"]
[SourceTitle "CBM 115 Extra"]
[Source "ChessBase"]
[SourceDate "2007.01.10"]
[SourceVersion "1"]
[SourceVersionDate "2007.01.10"]
[SourceQuality "1"]

1. e4 d6 2. d4 g6 3. Nc3 c6 4. Be3 Bg7 5. Qd2 b5 6. a3 a6 7. Nf3 Nd7 8. Be2 Qc7 9. a4 b4 10. Na2 a5 11. Bc4 Nb6 12. Bd3 Nxa4 13. c4 c5 14. Nc1 Bd7 15. Qc2 cxd4 16. Bxd4 Bxd4 17. Nxd4 Nc5 18. b3 Nf6 19. 0-0 0-0 20. Nce2 Qb7 21. Ng3 e5 22. Nf3 a4 23. bxa4 Bxa4 24. Qe2 Bc6 25. Rxa8 Rxa8 26. Re1 b3 27. Bb1 Nfxe4 28. Bxe4 Nxe4 29. Nxe4 Bxe4 30. Nd2 Bc2 31. c5 dxc5 32. Qxe5 b2 33. Qxc5 Ra1 34. Qe5 Rxe1+ 35. Qxe1 b1R 36. Nxb1 Qxb1 0-1

[Event "Wch U16 Girls"]
[White "Saheli, Nath"]
[Black "Hamrakulova, Yulduz"]
[Site "Belfort"]
[Round "9"]
[Result "0-1"]
[Date "2005.07.26"]
[WhiteElo "2187"]
[BlackElo "2114"]
[PlyCount "127"]
[EventDate "2005.07.19"]
[EventType "swiss"]
[EventRounds "11"]
[EventCountry "FRA"]
[SourceTitle "CBM 107 Extra"]
[Source "ChessBase"]
[SourceDate "2005.09.01"]
[SourceVersion "1"]
[SourceVersionDate "2005.09.01"]
[SourceQuality "1"]

1. e4 e5 2. Nf3 Nf6 3. Nxe5 d6 4. Nf3 Nxe4 5. d4 d5 6. Bd3 Nc6 7. 0-0 Be7 8. c4 Nb4 9. Be2 0-0 10. Nc3 Nxc3 11. bxc3 Nc6 12. cxd5 Qxd5 13. Bf4 Qd8 14. Rb1 b6 15. Bd3 Bf6 16. Be4 Bb7 17. Re1 Na5 18. d5 Re8 19. Qd3 g6 20. c4 Ba6 21. Nd2 Rc8 22. Re3 Qd7 23. Qc2 Qg4 24. Bg3 Bg5 25. Bf3 Qf5 26. Rxe8+ Rxe8 27. Qxf5 gxf5 28. Nb3 f4 29. Nxa5 fxg3 30. Nc6 Bxc4 31. hxg3 a5 32. a3 Bd3 33. Rd1 Bc2 34. Rd4 Re1+ 35. Kh2 Bf6 36. Rf4 Bb2 37. Nd8 Bg6 38. a4 Rc1 39. Nc6 Kf8 40. Nd4 Bxd4 41. Rxd4 Ke7 42. g4 Kd6 43. Kg3 Kc5 44. Rd2 Rc4 45. Bd1 Rd4 46. Rxd4 Kxd4 47. Bb3 Kc3 48. Ba2 f6 49. f4 Kb2 50. Bc4 Kc3 51. Ba2 Kb2 52. Bc4 h6 53. Bb5 Kc3 54. g5 hxg5 55. fxg5 fxg5 56. Kg4 Be4 57. g3 Bxd5 58. Kxg5 c6 59. Be2 Kd2 60. Ba6 c5 61. Kf6 c4 62. Bxc4 Bxc4 63. Ke5 Bd3 64. g4 0-1

[Event "Wch U16 Girls"]
[White "Saheli, Nath"]
[Black "Lubbe, Melanie"]
[Site "Belfort"]
[Round "6"]
[Result "1-0"]
[Date "2005.07.24"]
[WhiteElo "2187"]
[BlackElo "2066"]
[PlyCount "63"]
[EventDate "2005.07.19"]
[EventType "swiss"]
[EventRounds "11"]
[EventCountry "FRA"]
[SourceTitle "CBM 107 Extra"]
[Source "ChessBase"]
[SourceDate "2005.09.01"]
[SourceVersion "1"]
[SourceVersionDate "2005.09.01"]
[SourceQuality "1"]

1. e4 c5 2. Nf3 e6 3. d4 cxd4 4. Nxd4 a6 5. c4 Nf6 6. Nc3 d6 7. Be2 Qc7 8. Be3 b6 9. Rc1 Bb7 10. f3 Be7 11. 0-0 Nbd7 12. b4 0-0 13. Qd2 Rac8 14. Rfd1 Kh8 15. a3 Rg8 16. Nb3 h6 17. Bf1 g5 18. h3 Rg6 19. Na4 h5 20. c5 dxc5 21. bxc5 g4 22. cxb6 Qb8 23. Rxc8+ Bxc8 24. hxg4 hxg4 25. f4 Nxe4 26. Qd4+ Nef6 27. Na5 Bb7 28. Rc1 Bd8 29. Nxb7 Qxb7 30. Nc5 Qd5 31. Nxd7 Qxd7 32. b7 1-0

[Event "Asia-ch U20 Girls"]
[White "Foudzi, Sitii Zulaikha"]
[Black "Saheli, Nath"]
[Site "Bikaner"]
[Round "11"]
[Result "1/2-1/2"]
[Date "2004.12.30"]
[WhiteElo "2162"]
[BlackElo "2130"]
[PlyCount "135"]
[EventDate "2004.12.22"]
[EventType "swiss"]
[EventRounds "11"]
[EventCountry "IND"]
[SourceTitle "CBM 104 Extra"]
[Source "ChessBase"]
[SourceDate "2005.03.01"]
[SourceVersion "1"]
[SourceVersionDate "2005.03.01"]
[SourceQuality "1"]

1. e4 e5 2. Nf3 Nc6 3. Bb5 a6 4. Ba4 Nf6 5. 0-0 Be7 6. Re1 b5 7. Bb3 0-0 8. d3 d6 9. c3 Na5 10. Bc2 c5 11. Nbd2 Re8 12. Nf1 Bf8 13. d4 cxd4 14. cxd4 Bg4 15. d5 Rc8 16. Bd3 Nb7 17. b4 Qd7 18. Bd2 g6 19. h3 Bxf3 20. Qxf3 Bg7 21. g4 Rc7 22. Ng3 Ra8 23. Qe2 Rac8 24. Kg2 Qe8 25. Rac1 Rxc1 26. Rxc1 Nd7 27. Qe3 Rxc1 28. Bxc1 Qc8 29. Bd2 Bf6 30. Qa7 Nb8 31. Ne2 Kg7 32. Nc3 h6 33. a4 Bg5 34. Be1 bxa4 35. Nxa4 Nd8 36. Bc3 Qb7 37. Qxb7 Nxb7 38. Nb6 Bd8 39. Nc4 Nd7 40. Kf3 f6 41. Ke2 h5 42. Kd1 hxg4 43. hxg4 f5 44. gxf5 gxf5 45. exf5 Nf6 46. Ne3 a5 47. b5 Bb6 48. Ke2 Bxe3 49. fxe3 Nxd5 50. Bd2 Nb6 51. e4 Kf6 52. Kd1 a4 53. Bb1 Nc5 54. Be1 a3 55. Bh4+ Kf7 56. Ba2+ Kf8 57. Bf2 Nba4 58. Kc2 Nxe4 59. b6 Nac5 60. Bxc5 Nxc5 61. Bd5 Ke7 62. b7 Nxb7 63. Bxb7 Kf6 64. Be4 d5 65. Bxd5 Kxf5 66. Kb3 e4 67. Bxe4+ Kxe4 68. Kxa3 1/2-1/2

[Event "Asia-ch U20 Girls"]
[White "Soumya, Swaminathan"]
[Black "Saheli, Nath"]
[Site "Bikaner"]
[Round "7"]
[Result "1/2-1/2"]
[Date "2004.12.27"]
[WhiteElo "2137"]
[BlackElo "2130"]
[PlyCount "112"]
[EventDate "2004.12.22"]
[EventType "swiss"]
[EventRounds "11"]
[EventCountry "IND"]
[SourceTitle "CBM 104 Extra"]
[Source "ChessBase"]
[SourceDate "2005.03.01"]
[SourceVersion "1"]
[SourceVersionDate "2005.03.01"]
[SourceQuality "1"]

1. e4 c5 2. Nf3 d6 3. d4 cxd4 4. Nxd4 Nf6 5. Nc3 a6 6. f3 e5 7. Nb3 Be7 8. Be3 Be6 9. Qd2 Nbd7 10. g4 h6 11. 0-0-0 b5 12. h4 Nb6 13. Na5 Qc7 14. a3 Nc4 15. Nxc4 bxc4 16. Nd5 Nxd5 17. exd5 Bd7 18. Qc3 Rc8 19. Be2 f5 20. f4 fxg4 21. fxe5 dxe5 22. h5 0-0 23. Rhg1 Bf6 24. d6 Qc6 25. Bxg4 Bxg4 26. Rxg4 e4 27. Bd4 Qxd6 28. Bxf6 Qxf6 29. Qxf6 Rxf6 30. Rdg1 Rc7 31. Rxe4 Rf5 32. Re6 Rxh5 33. Rxa6 Kh7 34. a4 g5 35. a5 Rg7 36. Rb6 g4 37. a6 Ra5 38. Kd2 h5 39. Ke3 g3 40. Rb7 h4 41. Rh1 Rxa6 42. Rxh4+ Kg8 43. Rxg7+ Kxg7 44. Rg4+ Kf6 45. Rxc4 Ra1 46. Kf3 Rg1 47. b4 Ke5 48. Re4+ Kd6 49. Re2 Kd5 50. Rg2 Rb1 51. Rxg3 Rxb4 52. Rg5+ Kc4 53. Ke3 Kc3 54. Rc5+ Rc4 55. Rxc4+ Kxc4 56. Kd2 Kd4 1/2-1/2

[Event "Wch U20 Girls 22nd"]
[White "Saheli, Nath"]
[Black "Paehtz, Elisabeth"]
[Site "Cochin"]
[Round "12"]
[Result "1/2-1/2"]
[Date "2004.11.29"]
[WhiteElo "2130"]
[BlackElo "2398"]
[PlyCount "103"]
[EventDate "2004.11.20"]
[EventType "swiss"]
[EventRounds "13"]
[EventCountry "IND"]
[SourceTitle "CBM 103 Extra"]
[Source "ChessBase"]
[SourceDate "2005.01.01"]
[SourceVersion "1"]
[SourceVersionDate "2005.01.01"]
[SourceQuality "1"]

1. e4 c5 2. Nf3 e6 3. d4 cxd4 4. Nxd4 a6 5. c4 Nf6 6. Nc3 Qc7 7. a3 b6 8. Be3 d6 9. Be2 Nbd7 10. 0-0 Bb7 11. f3 Be7 12. Rc1 Rc8 13. Qd2 0-0 14. Rfd1 Qb8 15. b4 Bd8 16. Bf1 Bc7 17. Kh1 Kh8 18. b5 a5 19. Rb1 Qa8 20. Nc6 Rfe8 21. Bf4 Nc5 22. Bxd6 Bxd6 23. Qxd6 Bxc6 24. bxc6 Rxc6 25. Qd2 Qb8 26. Qd4 Nfd7 27. Nb5 Kg8 28. Qe3 Ne5 29. Be2 Ng6 30. Nd4 Rcc8 31. Nb3 Na4 32. Nxa5 Qe5 33. Nb7 Nc3 34. Nd6 Nxb1 35. Nxc8 Nc3 36. Nxb6 Nxd1 37. Bxd1 Rd8 38. Ba4 Qa1+ 39. Qg1 Qxa3 40. h3 Ne5 41. c5 Qc3 42. Kh2 Rd4 43. c6 Rd2 44. Kg3 Nxc6 45. Bxc6 Qxc6 46. Qb1 Qd6+ 47. f4 Rd3+ 48. Kg4 f5+ 49. exf5 exf5+ 50. Kxf5 Qg6+ 51. Ke5 Re3+ 52. Kd4 1/2-1/2

[Event "Wch U20 Girls 22nd"]
[White "Zhang, Jilin"]
[Black "Saheli, Nath"]
[Site "Cochin"]
[Round "8"]
[Result "1/2-1/2"]
[Date "2004.11.24"]
[WhiteElo "2287"]
[BlackElo "2130"]
[PlyCount "109"]
[EventDate "2004.11.20"]
[EventType "swiss"]
[EventRounds "13"]
[EventCountry "IND"]
[SourceTitle "CBM 103 Extra"]
[Source "ChessBase"]
[SourceDate "2005.01.01"]
[SourceVersion "1"]
[SourceVersionDate "2005.01.01"]
[SourceQuality "1"]

1. e4 c5 2. Nf3 d6 3. d4 cxd4 4. Nxd4 Nf6 5. Nc3 a6 6. Be2 e5 7. Nb3 Be7 8. 0-0 0-0 9. Kh1 b6 10. f3 Bb7 11. Be3 b5 12. Qd2 Nbd7 13. Rfd1 b4 14. Nd5 Nxd5 15. exd5 Nf6 16. Bc4 a5 17. Qd3 a4 18. Nc1 Ra5 19. a3 Nxd5 20. Bd2 Nf4 21. Bxf4 bxa3 22. b4 axb3 23. Nxb3 exf4 24. Nxa5 Qxa5 25. Rxa3 Qc5 26. Rb3 Bc6 27. Rc3 Qb6 28. Bd5 Bxd5 29. Qxd5 Bf6 30. Rc6 Qf2 31. Qd2 Qxd2 32. Rxd2 Be5 33. Kg1 g5 34. Kf2 Kg7 35. Ke2 Kg6 36. Kd3 Kf5 37. Rd1 h5 38. Rb1 Ra8 39. Rc7 f6 40. h3 Ra3+ 41. Kd2 g4 42. Rb3 Ra1 43. fxg4+ hxg4 44. hxg4+ Kxg4 45. Rg7+ Kf5 46. Kd3 Rd1+ 47. Ke2 Rc1 48. Kd2 Ra1 49. Rg8 Rf1 50. Rf3 Ra1 51. Kd3 Rd1+ 52. Ke2 Rc1 53. Kd2 Ra1 54. Rd3 Rf1 55. Rf3 1/2-1/2

[Event "Wch U20 Girls 22nd"]
[White "Sivasankari, P."]
[Black "Saheli, Nath"]
[Site "Cochin"]
[Round "4"]
[Result "1-0"]
[Date "2004.11.21"]
[WhiteElo "2112"]
[BlackElo "2130"]
[PlyCount "84"]
[EventDate "2004.11.20"]
[EventType "swiss"]
[EventRounds "13"]
[EventCountry "IND"]
[SourceTitle "CBM 103 Extra"]
[Source "ChessBase"]
[SourceDate "2005.01.01"]
[SourceVersion "1"]
[SourceVersionDate "2005.01.01"]
[SourceQuality "1"]

1. d4 Nf6 2. c4 e6 3. Nf3 b6 4. g3 Ba6 5. Qa4 Be7 6. Bg2 0-0 7. 0-0 c6 8. Nc3 d5 9. Ne5 Qe8 10. b4 Bxc4 11. Nxc4 b5 12. Nd6 Bxd6 13. Qb3 Qe7 14. a4 bxa4 15. Nxa4 Nbd7 16. Nc5 Nb6 17. Bg5 h6 18. Bxf6 Qxf6 19. Rfd1 Rfc8 20. e4 Qe7 21. e5 Bxc5 22. bxc5 Nc4 23. Bf1 Rcb8 24. Qc3 Rb5 25. Bxc4 dxc4 26. Qxc4 Rab8 27. Ra6 Qd7 28. Rda1 Rb4 29. Qc3 Rxd4 30. Rxa7 Qd5 31. Qe3 Rb3 32. Ra8+ Kh7 33. Qe2 Rd2 34. Qe1 Rbd3 35. h4 Rd1 36. Rxd1 Rxd1 37. Ra1 Rxe1+ 38. Rxe1 Qxc5 39. Kg2 Qb5 40. Kg1 c5 41. Kh2 c4 42. Kg1 c3 1-0

[Event "Asia-ch U16 Girls"]
[White "Saheli, Nath"]
[Black "Nadig, Kruttika"]
[Site "Tehran"]
[Round "2"]
[Result "0-1"]
[Date "2004.04.04"]
[WhiteElo "2120"]
[BlackElo "2160"]
[PlyCount "94"]
[EventDate "2004.04.03"]
[EventType "swiss"]
[EventRounds "9"]
[EventCountry "IRI"]
[SourceTitle "CBM 099 Extra"]
[Source "ChessBase"]
[SourceDate "2004.05.04"]
[SourceVersion "1"]
[SourceVersionDate "2004.05.04"]
[SourceQuality "1"]

1. e4 e5 2. Nf3 Nc6 3. Bb5 a6 4. Ba4 Nf6 5. 0-0 b5 6. Bb3 Bb7 7. c3 Nxe4 8. d4 Na5 9. Re1 Nxb3 10. Qxb3 Be7 11. Nxe5 0-0 12. c4 d6 13. Nf3 Qd7 14. Na3 Rab8 15. cxb5 Bf6 16. bxa6 Bxa6 17. Qc2 d5 18. Bf4 Rb4 19. Be5 Bxe5 20. Nxe5 Qd6 21. f3 Rxd4 22. fxe4 Qxe5 23. exd5 Qxd5 24. Rad1 Rd8 25. Rxd4 Qxd4+ 26. Kh1 c5 27. h3 h6 28. Rc1 Bb7 29. Nc4 Be4 30. Qe2 Bb7 31. Na5 Ba8 32. Nb3 Qh4 33. Kg1 Bc6 34. Rxc5 Qf6 35. Qc2 Rd6 36. Rc4 Re6 37. Qf2 Qe7 38. Nd4 Re1+ 39. Kh2 Bd7 40. Qg3 Re3 41. Qb8+ Kh7 42. Qf4 Re4 43. Qc7 Qh4 44. Qd6 Bxh3 45. g3 Qh5 46. Rc5 Bf5+ 47. Kg1 Qd1+ 0-1

[Event "IND-ch (Women) 30th"]
[White "Saheli, Nath"]
[Black "Mohota, Nisha"]
[Site "Calicut"]
[Round "14"]
[Result "1/2-1/2"]
[Date "2003.11.18"]
[WhiteElo "2127"]
[BlackElo "2321"]
[PlyCount "34"]
[EventDate "2003.11.09"]
[EventType "tourn"]
[EventRounds "17"]
[EventCountry "IND"]
[SourceTitle "EXT 2004"]
[Source "ChessBase"]
[SourceDate "2003.11.25"]
[SourceVersion "1"]
[SourceVersionDate "2003.11.25"]
[SourceQuality "1"]

1. e4 Nf6 2. e5 Nd5 3. d4 d6 4. c4 Nb6 5. f4 dxe5 6. fxe5 Bf5 7. Nc3 e6 8. Nf3 Be7 9. Be3 Nc6 10. Be2 0-0 11. 0-0 f6 12. exf6 Bxf6 13. Qd2 Qe7 14. Rad1 Rad8 15. Qc1 h6 16. Kh1 Kh8 17. h3 Bg6 1/2-1/2

[Event "IND-ch (Women) 30th"]
[White "Saheli, Nath"]
[Black "Meera, Sai Ravi"]
[Site "Calicut"]
[Round "8"]
[Result "1-0"]
[Date "2003.11.14"]
[WhiteElo "2127"]
[BlackElo "2160"]
[PlyCount "129"]
[EventDate "2003.11.09"]
[EventType "tourn"]
[EventRounds "17"]
[EventCountry "IND"]
[SourceTitle "EXT 2004"]
[Source "ChessBase"]
[SourceDate "2003.11.25"]
[SourceVersion "1"]
[SourceVersionDate "2003.11.25"]
[SourceQuality "1"]

1. e4 c5 2. Nf3 d6 3. d4 cxd4 4. Nxd4 Nf6 5. Nc3 a6 6. Be2 g6 7. a4 b6 8. f4 Bb7 9. Bf3 d5 10. exd5 Nxd5 11. Nxd5 Bxd5 12. 0-0 Ra7 13. Be3 Rd7 14. Qe2 Bg7 15. Bxd5 Rxd5 16. c3 0-0 17. Nf3 Qc7 18. c4 Rd7 19. Rfc1 Qb7 20. Ne5 Rc7 21. Qf2 Bxe5 22. fxe5 Nd7 23. Bf4 Nc5 24. Bh6 Nd3 25. Qe3 Nxc1 26. Bxf8 Kxf8 27. Rxc1 Qc6 28. b4 a5 29. b5 Qc5 30. Kf2 Ke8 31. Ke2 Qxe3+ 32. Kxe3 Kd7 33. Kd4 Rc5 34. Rf1 Ke6 35. Re1 h5 36. h4 Rc8 37. Kc3 g5 38. hxg5 Rg8 39. c5 bxc5 40. Kc4 Rxg5 41. Kxc5 Rg4 42. Rb1 Kd7 43. Kb6 Rxa4 44. Ka7 Rg4 45. b6 Rxg2 46. b7 Rg8 47. b8Q Rxb8 48. Rxb8 Ke6 49. Rb5 a4 50. Kb6 a3 51. Ra5 h4 52. Rxa3 Kxe5 53. Kc5 f5 54. Re3+ Kf4 55. Rxe7 h3 56. Kd4 Kg3 57. Ke3 h2 58. Rg7+ Kh3 59. Kf2 h1N+ 60. Kf3 Kh2 61. Rf7 Kg1 62. Rxf5 Kf1 63. Rh5 Kg1 64. Rg5+ Kf1 65. Rg2 1-0

[Event "IND-ch (Women) 30th"]
[White "Thipsay, Bagyashree Sathe"]
[Black "Saheli, Nath"]
[Site "Calicut"]
[Round "9"]
[Result "1-0"]
[Date "2003.11.14"]
[WhiteElo "2249"]
[BlackElo "2127"]
[PlyCount "85"]
[EventDate "2003.11.09"]
[EventType "tourn"]
[EventRounds "17"]
[EventCountry "IND"]
[SourceTitle "EXT 2004"]
[Source "ChessBase"]
[SourceDate "2003.11.25"]
[SourceVersion "1"]
[SourceVersionDate "2003.11.25"]
[SourceQuality "1"]

1. e4 d6 2. d4 g6 3. Nc3 c6 4. Nf3 Bg7 5. Be2 b5 6. 0-0 a6 7. Bf4 Nd7 8. e5 d5 9. Bd3 Nb6 10. h3 h6 11. Nh2 Be6 12. Ne2 Qd7 13. b3 h5 14. Nf3 Nh6 15. Qd2 Bf5 16. Ng5 e6 17. Rac1 Bxd3 18. cxd3 Nf5 19. Qa5 Qb7 20. Rc2 h4 21. Bc1 Bh6 22. Nf3 Bxc1 23. Rfxc1 Ne7 24. Qd2 Rc8 25. Qf4 Nf5 26. Kh2 Nd7 27. g4 hxg3+ 28. fxg3 Nf8 29. Neg1 b4 30. Ng5 Nh7 31. N5f3 Nf8 32. g4 Nh4 33. Nxh4 Rxh4 34. Nf3 Rh8 35. Qf6 Rh7 36. Ng5 Nd7 37. Qf4 Rg7 38. Rf2 Ke7 39. Nxf7 g5 40. Qe3 Rf8 41. Nd6 Rxf2+ 42. Qxf2 Qb6 43. Nc8+ 1-0

[Event "IND-ch (Women) 30th"]
[White "Rajalakshmi, CV."]
[Black "Saheli, Nath"]
[Site "Calicut"]
[Round "5"]
[Result "0-1"]
[Date "2003.11.12"]
[WhiteElo "2092"]
[BlackElo "2127"]
[PlyCount "74"]
[EventDate "2003.11.09"]
[EventType "tourn"]
[EventRounds "17"]
[EventCountry "IND"]
[SourceTitle "EXT 2004"]
[Source "ChessBase"]
[SourceDate "2003.11.25"]
[SourceVersion "1"]
[SourceVersionDate "2003.11.25"]
[SourceQuality "1"]

1. c4 e5 2. Nc3 Nf6 3. Nf3 Nc6 4. e4 Bc5 5. Nxe5 Nxe5 6. d4 Bxd4 7. Qxd4 Nc6 8. Qd3 d6 9. Bg5 h6 10. Bh4 Be6 11. f4 Nb4 12. Qd1 g5 13. Qa4+ Nc6 14. fxg5 Ng4 15. Qb5 Nge5 16. 0-0-0 hxg5 17. Bg3 0-0 18. Nd5 Rb8 19. Be2 f6 20. h4 g4 21. h5 Qd7 22. Rhf1 Qg7 23. Kb1 a6 24. Qa4 f5 25. Nf4 Bd7 26. exf5 Nd4 27. Qa3 Bxf5+ 28. Kc1 Nxe2+ 29. Nxe2 Nxc4 30. Qb3 b5 31. Nd4 Be4 32. Ne6 Qh6+ 33. Nf4 Bxg2 34. Rf2 Bf3 35. Rd4 c5 36. Rxc4 bxc4 37. Qxc4+ d5 0-1